000 00230nmm a2200085Ia 4500
008 220120s9999||||xx |||||||||||||||||und||
100 _aDigit
245 0 _aMindware ; App of the month photoshop album starter ed. offi
260 _c2003
999 _c138610
_d138610